Zvukové nahrávky
Uloženo v:
LEADER 01870njm a2200541 a 4500
001 000292367
003 CZ BrMZK
005 20040701170452.0
008 010907s1994 xr f cze d
028 0 3 |a 1 0218-4  |b Bonton Music 
040 |a BOA001  |b cze 
080 |a 784.4(086.7)  |2 MRF 
100 1 |a Soukup, Ondřej,  |d 1951-  |7 jn19990209784  |4 cmp 
245 1 0 |a Slušný člověk  |h [zvukový záznam] /  |c Soukup. 
246 3 3 |a White lines 
246 3 3 |a Existence 
246 3 3 |a Farewell song 
246 3 3 |a Ještě tě mám 
246 3 3 |a Jsem pták 
246 3 3 |a Ministerská polka 
246 3 3 |a Miss Moskva 
246 3 3 |a Noční pláč 
246 3 3 |a Promítám 
246 3 3 |a Requiem 
246 3 3 |a S vašou lambádou 
246 3 3 |a Sebeláska 
246 3 3 |a Slušný člověk 
246 3 3 |a Tango miracoloso 
260 |a Praha :  |b Bonton Music,  |c p1994 
300 |a 1 MC +  |e 1 list. 
306 |a 005807 
500 |a Durata 58:07 
500 |a Nahr. neuv 
505 2 |a Miss Moskva, Farewell song, Tango miracoloso ... [et al.] 
511 0 |a Jiří Korn, zpěv; Zuzana Michnová, zpěv; Karel Gott, zpěv ... [et al.] 
653 0 |a populární hudba  |a populární písně 
700 1 |a Janů, Petra,  |d 1952-  |7 jn19990209296  |4 prf 
700 1 |a Korn, Jiří,  |d 1949-  |7 jn19990209388  |4 prf 
700 1 |a Králová, Marcela,  |d 1954-  |7 ola2005298452  |4 prf 
700 1 |a Michnová, Zuzana,  |d 1949-  |7 jn19990209545  |4 prf 
700 1 |a Osvaldová, Gabriela,  |d 1953-  |7 jn20000401911  |4 lyr 
700 1 |a Bílá, Lucie,  |d 1966-  |7 jn19990209056  |4 prf 
700 1 |a Csáková, Ilona,  |d 1970-  |7 jn20000400426  |4 prf 
700 1 |a Gott, Karel,  |d 1939-2019  |7 jk01032549  |4 prf 
910 |a BOA001  |b KZ-0003.232 
964 |a Hudba populární  |x výběr hitů  |x MC 
990 |a AV 
996 6 |b 261H003268  |c KZ-0003.232  |l MZK  |r Sklad / do 24 hodin  |n 0  |w 000292367  |u 000010  |a 1  |e BOA001  |j MZK50  |s P